Transfer of technology among the developing countries

Đã lưu trong:
Sonraí Bibleagrafaíochta
Príomhúdar: Bhattasali, B. N.
Formáid: Leabhar
Teanga:Undetermined
Foilsithe: Tokyo, Japan Asian Productivity Organization 1972
Ábhair:
Clibeanna: Cuir Clib Leis
Gan Chlibeanna, Bí ar an gcéad duine leis an taifead seo a chlibeáil!
Thư viện lưu trữ: Trung tâm Học liệu Trường Đại học Cần Thơ
LEADER 00561nam a2200193Ia 4500
001 CTU_107219
008 210402s9999 xx 000 0 und d
082 |a 607.21724 
082 |b B575 
100 |a Bhattasali, B. N. 
245 0 |a Transfer of technology among the developing countries 
245 0 |c B. N. Bhattasali 
260 |a Tokyo, Japan 
260 |b Asian Productivity Organization 
260 |c 1972 
650 |a Technology transfer 
650 |x Developing countries 
904 |i Minh 
980 |a Trung tâm Học liệu Trường Đại học Cần Thơ